Welcome to CU Library Online Public Access Catalogue (OPAC)

Goodman & Gilman's pharmacological basis of therapeutics. (Record no. 4301)

MARC details
000 -LEADER
fixed length control field 01516cam a22003254a 4500
001 - CONTROL NUMBER
control field 16053920
005 - DATE AND TIME OF LATEST TRANSACTION
control field 20250225114407.0
008 - FIXED-LENGTH DATA ELEMENTS--GENERAL INFORMATION
fixed length control field 100112s2011 nyua b 001 0 eng
020 ## - INTERNATIONAL STANDARD BOOK NUMBER
International Standard Book Number 9780071624428 (hardcover : alk. paper)
020 ## - INTERNATIONAL STANDARD BOOK NUMBER
International Standard Book Number 0071624422
050 00 - LIBRARY OF CONGRESS CALL NUMBER
Classification number RM300
Item number .G644 2011
082 00 - DEWEY DECIMAL CLASSIFICATION NUMBER
Classification number 615/.7
Edition information 22
245 00 - TITLE STATEMENT
Title Goodman & Gilman's pharmacological basis of therapeutics.
Statement of responsibility, etc. editor, Laurence L. Brunton ; associate editors, Bruce A. Chabner, Björn C. Knollmann.
250 ## - EDITION STATEMENT
Edition statement 12th ed. /
Remainder of edition statement editor, Laurence L. Brunton ; associate editors, Bruce A. Chabner, Björn C. Knollmann.
260 ## - PUBLICATION, DISTRIBUTION, ETC.
Place of publication, distribution, etc. New York :
Name of publisher, distributor, etc. McGraw-Hill Medical,
Date of publication, distribution, etc. 2011.
300 ## - PHYSICAL DESCRIPTION
Extent 2084 p. :
Other physical details ill. (some col.) ;
Dimensions 26 cm. +
Accompanying material 1 DVD-ROM (4 3/4 in.)
500 ## - GENERAL NOTE
General note Rev. ed. of: Goodman & Gilman's the pharmacological basis of therapeutics. 11th ed. / editor, Laurence L. Brunton. c2006.
650 #0 - SUBJECT ADDED ENTRY--TOPICAL TERM
Topical term or geographic name entry element Pharmacology.
650 #0 - SUBJECT ADDED ENTRY--TOPICAL TERM
Topical term or geographic name entry element Therapeutics.
650 12 - SUBJECT ADDED ENTRY--TOPICAL TERM
Topical term or geographic name entry element Pharmacological Phenomena.
650 22 - SUBJECT ADDED ENTRY--TOPICAL TERM
Topical term or geographic name entry element Drug Therapy.
700 1# - ADDED ENTRY--PERSONAL NAME
Personal name Goodman, Louis S.
Fuller form of name (Louis Sanford),
Dates associated with a name 1906-2000.
700 1# - ADDED ENTRY--PERSONAL NAME
Personal name Brunton, Laurence L.
700 1# - ADDED ENTRY--PERSONAL NAME
Personal name Chabner, Bruce.
700 1# - ADDED ENTRY--PERSONAL NAME
Personal name Knollmann, Björn C.
856 42 - ELECTRONIC LOCATION AND ACCESS
Materials specified Contributor biographical information
Uniform Resource Identifier <a href="http://www.loc.gov/catdir/enhancements/fy1011/2010000236-b.html">http://www.loc.gov/catdir/enhancements/fy1011/2010000236-b.html</a>
856 42 - ELECTRONIC LOCATION AND ACCESS
Materials specified Publisher description
Uniform Resource Identifier <a href="http://www.loc.gov/catdir/enhancements/fy1011/2010000236-d.html">http://www.loc.gov/catdir/enhancements/fy1011/2010000236-d.html</a>
856 41 - ELECTRONIC LOCATION AND ACCESS
Materials specified Table of contents only
Uniform Resource Identifier <a href="http://www.loc.gov/catdir/enhancements/fy1011/2010000236-t.html">http://www.loc.gov/catdir/enhancements/fy1011/2010000236-t.html</a>
942 ## - ADDED ENTRY ELEMENTS (KOHA)
Source of classification or shelving scheme Library of Congress Classification
Koha item type Books
Edition 12th ed.
Suppress in OPAC No
999 ## -
-- 4301
-- 4301
Holdings
Withdrawn status Lost status Source of classification or shelving scheme Damaged status Not for loan Collection Home library Current library Shelving location Date acquired Total checkouts Full call number Barcode Date last seen Copy number Price effective from Koha item type
    Library of Congress Classification     Non-fiction Science Library (Miotso) Science Library (Miotso) General stacks 02/25/2025   RM300 .G644 GOO SLM00004057 02/25/2025 1 02/25/2025 Books
    Library of Congress Classification     Non-fiction Science Library (Miotso) Science Library (Miotso) General stacks 02/25/2025   RM300 .G644 GOO SLM00004058 02/25/2025 2 02/25/2025 Books
    Library of Congress Classification     Non-fiction Science Library (Miotso) Science Library (Miotso) General stacks 02/25/2025   RM300 .G644 GOO SLM00004059 02/25/2025 3 02/25/2025 Books
    Library of Congress Classification     Non-fiction Science Library (Miotso) Science Library (Miotso) General stacks 02/25/2025   RM300 .G644 GOO SLM00004060 02/25/2025 4 02/25/2025 Books
© 2023-2024 Copyright: Central University Libraries. All Rights Reserved | Created by: Mahone Tech Office